Ударная армия: Роман

Bibliographic Details
Main Author: Конюшев В. Ф. Владимир Федорович
Other Authors: Кудряшова Е. (автор предисловия), Иванов В. П. (иллюстратор)
Summary:Исключено из фонда НТБ ТПУ
Language:Russian
Published: Ярославль, Верхне-Волжское книжное изд-во, 1988
Format: MixedMaterials Book
KOHA link:https://koha.lib.tpu.ru/cgi-bin/koha/opac-detail.pl?biblionumber=142223

MARC

LEADER 00000nam0a2200000 4500
001 142223
005 20231031142657.0
020 |a RU  |b 88-31110 
035 |a (RuTPU)RU\TPU\book\154130 
090 |a 142223 
100 |a 20080903d1988 m y0rusy5003 ca 
101 0 |a rus 
102 |a RU 
105 |a a z 000ay 
200 1 |a Ударная армия  |e Роман  |f В. Ф. Конюшев  |g авт. предисл. Е. Кудряшова ; худож. В. П. Иванов 
210 |a Ярославль  |c Верхне-Волжское книжное изд-во  |d 1988 
215 |a 300,[4] с.  |c ил. 
333 |a Исключено из фонда НТБ ТПУ 
700 1 |a Конюшев  |b В. Ф.  |g Владимир Федорович 
702 1 |a Кудряшова  |b Е.  |4 080 
702 1 |a Иванов  |b В. П.  |4 440 
801 0 |a RU  |b RuMRKP  |c 19950417  |g psbo 
801 1 |a RU  |b 63413507  |c 20080903  |g PSBO 
801 2 |a RU  |b 63413507  |c 20220602  |g PSBO 
942 |c BK